000 00877nam a2200205Ia 4500
003 GCL
008 140319s9999 xx 000 0 ara d
040 _aGCL /
_cGCL
082 0 4 _a808.85
_bم خ
100 1 _aمعمر القذافى
245 1 0 _aالخطاب التاريخ للعقيد معمر القذافى رئيس مجلس قيادة الثورة فى احتفالات مدينة زواره بعيد ميلاد النبى العظيم محمد عليه الصلاة والسلام (هدية من الاديب عبدالفتاح الجمل) /
_cمعمر القذافى
260 _a[S.N] :
_bE.M.M.E
300 _a47 ص
490 _aالهيئة العامة للاستعلامات
_v0
650 0 4 _aليبيا
650 0 4 _aمعمر القذافى
650 0 4 _aالاحتفالات الدينية
650 0 4 _aالخطب السياسية
942 _2ddc
_cBK
999 _c49478
_d49478